000 00685nam a2200265Ia 4500
005 20260302113910.0
008 008 260114s9999 xx 000 0 eng d
020 _a9781805014775
037 _aTextbook
040 _aCRL
040 _beng
040 _cCRL
041 _2eng
041 _aeng
084 _qCRL
100 _aBettina Hohnen,Jane Gilmour,Tara Murphy
_91117149
245 4 _aThe Incredible Teenage Brain
260 _bBloomsbury
260 _bJessica Kingsley Publisher
260 _c2019
650 _aPsychology
856 _uhttps://doi.org/10.5040/9781805014775?locatt=label:secondary_jkplibrary
942 _cEBOOK
999 _c1680633
_d1680633